书目信息 |
| 题名: |
区块链商业
|
|
| 作者: | 庞博夫 著 | |
| 分册: | ||
| 出版信息: | 北京 北京大学出版社 2019 |
|
| 页数: | 276页 | |
| 开本: | 24cm | |
| 丛书名: | ||
| 单 册: | ||
| 中图分类: | F713.361.3 , F713.3 | |
| 科图分类: | ||
| 主题词: | 电子商务--支付方式--研究 | |
| 电子资源: | ||
| ISBN: | 978-7-301-30943-8 | |
| 000 | 00922nam0 2200229 450 | |
| 001 | 2040891237 | |
| 005 | 20201128112202.81 | |
| 010 | @a978-7-301-30943-8@dCNY68.00 | |
| 100 | @a20200529d2019 em y0chiy50 ea | |
| 101 | 0 | @achi |
| 102 | @aCN@b110000 | |
| 105 | @ay z 000yy | |
| 200 | 1 | @a区块链商业@9qu kuai lian shang ye@b专著@f庞博夫著 |
| 210 | @a北京@c北京大学出版社@d2019 | |
| 215 | @a276页@d24cm | |
| 330 | @a本书探讨区块链在商业中的应用。全书从工业革命讲起,一览第一次工业革命以来引发的数次技术、商业与思维变革,全面梳理了区块链新技术、成果与市场、政策的变化,展现了区块链正在引发的新一轮商业洗牌,以大量实例对其中的重点人物与企业进行了解读;带领读者近距离看清十六个行业的区块链应用策略、十五个商业场景的应用逻辑。 | |
| 606 | 0 | @a电子商务@x支付方式@x研究 |
| 690 | @aF713.361.3@v5 | |
| 690 | @aF713.3@v4 | |
| 701 | 0 | @a庞博夫@9pang bo fu@4著 |
| 801 | 2 | @aCN@b58marc.cn@c20200606 |
| 905 | @aMUSE@dF713.3@e78 | |
| 区块链商业/庞博夫著.-北京:北京大学出版社,2019 |
| 276页;24cm |
| ISBN 978-7-301-30943-8:CNY68.00 |
| 本书探讨区块链在商业中的应用。全书从工业革命讲起,一览第一次工业革命以来引发的数次技术、商业与思维变革,全面梳理了区块链新技术、成果与市场、政策的变化,展现了区块链正在引发的新一轮商业洗牌,以大量实例对其中的重点人物与企业进行了解读;带领读者近距离看清十六个行业的区块链应用策略、十五个商业场景的应用逻辑。 |
| ● |
| 相关链接 |
|
|
|
正题名:区块链商业
索取号:F713.3/78
 
预约/预借
| 序号 | 登录号 | 条形码 | 馆藏地/架位号 | 状态 | 备注 |
| 1 | 871983 | 2000871983 | 第二书库/ [索取号:F713.3/78] | 在馆 | |
| 2 | 871984 | 2000871984 | 第二书库/ [索取号:F713.3/78] | 在馆 | |
| 3 | 871985 | 2000871985 | 第二书库/ [索取号:F713.3/78] | 在馆 |